| 000 | 00391cam a2200169ua 4500 | ||
|---|---|---|---|
| 041 |
_aeng _h |
||
| 082 |
_a530 _bPOW/PH |
||
| 100 | _aPowell, L.S . | ||
| 245 |
_aPhysics, Vol.I / _cL.S Powell. _hTextual Documents |
||
| 250 |
_a1 / _b. |
||
| 260 |
_a : _bSir Isaac Pitman & Sons , _c1973. |
||
| 300 | _a344 ; . | ||
| 504 | _a | ||
| 942 | _cBK | ||
| 999 |
_c125 _d125 |
||